Study of efficacy of fasinex (triclabendazole) against fasciolosis in cattle in saang district of kandal province, ការសិក្សាអំពីប្រសិទ្ធភាពរបស់ថ្នាំFASCIOLOSIS (Triiclabendazole) ប្រឆាំងនឹងព្រូនហ្វាស្យូឡាគោ នៅស្រុកស្អាង ខេត្តកណ្ដាល (Record no. 2017)
[ view plain ]
| 000 -LEADER | |
|---|---|
| fixed length control field | 00756nam a22001577a 4500 |
| 003 - CONTROL NUMBER IDENTIFIER | |
| control field | OSt |
| 005 - DATE AND TIME OF LATEST TRANSACTION | |
| control field | 20151006130931.0 |
| 008 - FIXED-LENGTH DATA ELEMENTS--GENERAL INFORMATION | |
| fixed length control field | 151006b xxu||||| |||| 00| 0 eng d |
| 040 ## - CATALOGING SOURCE | |
| Transcribing agency | RUA |
| 082 ## - DEWEY DECIMAL CLASSIFICATION NUMBER | |
| Classification number | AVM HAK 2000 B071 Or.1 |
| 100 ## - MAIN ENTRY--PERSONAL NAME | |
| 9 (RLIN) | 2145 |
| Personal name | HAK, SOVAN. |
| 245 ## - TITLE STATEMENT | |
| Title | Study of efficacy of fasinex (triclabendazole) against fasciolosis in cattle in saang district of kandal province, ការសិក្សាអំពីប្រសិទ្ធភាពរបស់ថ្នាំFASCIOLOSIS (Triiclabendazole) ប្រឆាំងនឹងព្រូនហ្វាស្យូឡាគោ នៅស្រុកស្អាង ខេត្តកណ្ដាល |
| 260 ## - PUBLICATION, DISTRIBUTION, ETC. (IMPRINT) | |
| Place of publication, distribution, etc. | Phnom Penh |
| Name of publisher, distributor, etc. | RUA |
| Date of publication, distribution, etc. | 2000 |
| 300 ## - PHYSICAL DESCRIPTION | |
| Extent | 37p. |
| Other physical details | ill. |
| Dimensions | 29cm. |
| 942 ## - ADDED ENTRY ELEMENTS (KOHA) | |
| Source of classification or shelving scheme | |
| Koha item type | AVM |
| Price effective from | Date last seen | Permanent Location | Not for loan | Date acquired | Source of classification or shelving scheme | Koha item type | Lost status | Withdrawn status | Date last checked out | Total Checkouts | Shelving location | Damaged status | Barcode | Current Location | Full call number |
|---|---|---|---|---|---|---|---|---|---|---|---|---|---|---|---|
| 2015-10-06 | 2016-04-27 | Library Block B | 2015-10-06 | AVM | 2016-04-06 | 1 | B071 | RUA015065 | Library Block B | AVM HAK 2000 B071 Or.1 | |||||
| 2015-10-06 | 2019-01-15 | Library Block B | 2015-10-06 | AVM | 2018-12-18 | 1 | B071 | RUA025698 | Library Block B | AVM HAK 2000 B071 Or.2 | |||||
| 2015-10-06 | 2015-10-06 | Library Block B | 2015-10-06 | AVM | B071 | RUA010461 | Library Block B | AVM HAK 2000 B071 Or.3 | |||||||
| 2015-10-06 | 2015-10-06 | Library Block B | 2015-10-06 | AVM | B071 | RUA010047 | Library Block B | AVM HAK 2000 B071 Or.4 | |||||||
| 2015-10-06 | 2016-08-14 | Library Block B | 2015-10-06 | AVM | 2016-07-31 | 1 | B071 | RUA025552 | Library Block B | AVM HAK 2000 B071 Or.5 |